[Event "Belgrade-chT"]
[Site "Belgrade"]
[Date "2019.09.25"]
[Round "3.5"]
[White "Cvetkovic, Srdjan"]
[Black "Cabrilo, Goran"]
[Result "0-1"]
[WhiteElo "2237"]
[BlackElo "2369"]
[PlyCount "20"]
[EventDate "2019.09.23"]
[EventType "team-tourn"]
[EventRounds "11"]
[EventCountry "SRB"]
[SourceTitle "EXT 2020"]
[Source "ChessBase"]
[SourceDate "2019.10.17"]
[SourceVersion "1"]
[SourceVersionDate "2019.10.17"]
[SourceQuality "1"]
[WhiteTeam "Belgrade Radnicki"]
[BlackTeam "Belgrade"]
[WhiteTeamCountry "SRB"]
[BlackTeamCountry "SRB"]

1. c4 e5 2. g3 Nf6 3. Bg2 c6 4. b3 d5 5. Bb2 d4 6. Nf3 Bd6 7. 0-0 c5 8. d3 Nc6 9. e4 Bg4 10. h3 Bh5 0-1

[Event "Belgrade-chT"]
[Site "Belgrade"]
[Date "2019.09.24"]
[Round "2.2"]
[White "Vulinovic, Radivoje"]
[Black "Cvetkovic, Srdjan"]
[Result "1/2-1/2"]
[WhiteElo "2159"]
[BlackElo "2237"]
[PlyCount "44"]
[EventDate "2019.09.23"]
[EventType "team-tourn"]
[EventRounds "11"]
[EventCountry "SRB"]
[SourceTitle "EXT 2020"]
[Source "ChessBase"]
[SourceDate "2019.10.17"]
[SourceVersion "1"]
[SourceVersionDate "2019.10.17"]
[SourceQuality "1"]
[WhiteTeam "Belgrade EDB"]
[BlackTeam "Belgrade Radnicki"]
[WhiteTeamCountry "SRB"]
[BlackTeamCountry "SRB"]

1. Nf3 Nf6 2. g3 d5 3. Bg2 c5 4. 0-0 Nc6 5. d4 Bg4 6. Ne5 Bh5 7. c4 cxd4 8. Nxc6 bxc6 9. cxd5 cxd5 10. Qxd4 e6 11. Nc3 Be7 12. e4 dxe4 13. Qa4+ Qd7 14. Qxd7+ Kxd7 15. Nxe4 Nxe4 16. Bxe4 Rac8 17. Bd2 f5 18. Bb7 Rb8 19. Ba6 Rxb2 20. Be3 Bf6 21. a4 Ra8 22. f3 Kc7 1/2-1/2

[Event "Veliko Gradiste Silver Lake op-A"]
[Site "Veliko Gradiste"]
[Date "2019.06.19"]
[Round "5"]
[White "Dudukovic, Nikola"]
[Black "Cvetkovic, Srdjan"]
[Result "1-0"]
[WhiteElo "2397"]
[BlackElo "2239"]
[PlyCount "79"]
[EventDate "2019.06.16"]
[EventType "swiss"]
[EventRounds "9"]
[EventCountry "SRB"]
[SourceTitle "CBM 191 Extra"]
[Source "ChessBase"]
[SourceDate "2019.09.30"]
[SourceVersion "1"]
[SourceVersionDate "2019.09.30"]
[SourceQuality "1"]

1. d4 d5 2. Nf3 Nf6 3. g3 c6 4. Bg2 Bf5 5. 0-0 h6 6. c4 e6 7. Qb3 Qb6 8. c5 Qxb3 9. axb3 Nbd7 10. b4 a6 11. Nbd2 g5 12. Nb3 Bg7 13. Be3 0-0-0 14. Rfc1 Ne8 15. b5 axb5 16. Ra7 Nb8 17. Bd2 Rd7 18. Ba5 Be4 19. Bb6 g4 20. Ne5 Bxe5 21. dxe5 Bxg2 22. Kxg2 f6 23. exf6 Rf8 24. Ba5 e5 25. f4 gxf3+ 26. exf3 Nxf6 27. Bd2 d4 28. Re1 Re8 29. Bxh6 Nd5 30. Nxd4 b6 31. cxb6 Nxb6 32. Rxd7 Kxd7 33. Nf5 Kc7 34. Bg7 N8d7 35. h4 Nc4 36. h5 Nd6 37. Nxd6 Kxd6 38. f4 c5 39. h6 Nf8 40. Rxe5 1-0

[Event "Veliko Gradiste Silver Lake op-A"]
[Site "Veliko Gradiste"]
[Date "2019.06.16"]
[Round "1"]
[White "Cvetkovic, Srdjan"]
[Black "Radojicic, Aleksandar M"]
[Result "1-0"]
[WhiteElo "2239"]
[BlackElo "1906"]
[PlyCount "80"]
[EventDate "2019.06.16"]
[EventType "swiss"]
[EventRounds "9"]
[EventCountry "SRB"]
[SourceTitle "CBM 191 Extra"]
[Source "ChessBase"]
[SourceDate "2019.09.30"]
[SourceVersion "1"]
[SourceVersionDate "2019.09.30"]
[SourceQuality "1"]

1. c4 Nf6 2. Nc3 c5 3. g3 g6 4. Bg2 Bg7 5. b3 Nc6 6. Bb2 0-0 7. Nf3 b6 8. d4 cxd4 9. Nxd4 Bb7 10. 0-0 Re8 11. Nd5 Nxd5 12. cxd5 Nb4 13. d6 Bxg2 14. Kxg2 exd6 15. Qd2 Na6 16. Nb5 Bxb2 17. Qxb2 Qg5 18. a4 Qe5 19. Qxe5 dxe5 20. Rfd1 Re7 21. a5 bxa5 22. Rxa5 Nc5 23. b4 Nb3 24. Ra3 Rb8 25. Nc3 Nd4 26. Nd5 Re6 27. Rxa7 Rd6 28. e4 Kg7 29. Rc1 Rc6 30. Rca1 Rd6 31. Rc7 Nb5 32. Rc5 Nd4 33. Rb1 Rc6 34. Ra5 Nb5 35. g4 f6 36. Rba1 Nc7 37. Ra7 Rc8 38. Ne7 Nb5 39. Nxc6 Rxc6 40. Rxd7+ Kh6 1-0

[Event "Belgrade City-chT"]
[Site "Belgrade"]
[Date "2019.05.16"]
[Round "4.3"]
[White "Cvetkovic, Srdjan"]
[Black "Abramovic, Bosko"]
[Result "1/2-1/2"]
[WhiteElo "2248"]
[BlackElo "2345"]
[PlyCount "22"]
[EventDate "2019.05.13"]
[EventType "team-swiss"]
[EventRounds "5"]
[EventCountry "SRB"]
[SourceTitle "CBM 190 Extra"]
[Source "ChessBase"]
[SourceDate "2019.07.15"]
[SourceVersion "1"]
[SourceVersionDate "2019.07.15"]
[SourceQuality "1"]
[WhiteTeam "Belgrade Radnicki"]
[BlackTeam "Crvena Zvezda"]
[WhiteTeamCountry "SRB"]
[BlackTeamCountry "SRB"]

1. c4 e6 2. Nc3 d5 3. d4 Nf6 4. Bg5 Nbd7 5. cxd5 exd5 6. e3 c6 7. Nf3 Be7 8. Qc2 Nh5 9. Bxe7 Qxe7 10. Be2 Nhf6 11. 0-0 0-0 1/2-1/2

[Event "SRB-ch sf"]
[Site "Kragujevac"]
[Date "2019.03.11"]
[Round "6"]
[White "Cvetkovic, Srdjan"]
[Black "Nestorovic, Nikola"]
[Result "0-1"]
[WhiteElo "2247"]
[BlackElo "2467"]
[PlyCount "75"]
[EventDate "2019.03.08"]
[EventType "swiss"]
[EventRounds "9"]
[EventCountry "SRB"]
[SourceTitle "CBM 189 Extra"]
[Source "ChessBase"]
[SourceDate "2019.05.31"]
[SourceVersion "1"]
[SourceVersionDate "2019.05.31"]
[SourceQuality "1"]

1. c4 e5 2. g3 Nc6 3. Nc3 Bc5 4. Na4 d6 5. Bg2 Nf6 6. d3 0-0 7. Nf3 a5 8. 0-0 h6 9. Nxc5 dxc5 10. Be3 Qe7 11. Nd2 Bd7 12. Nb1 Rad8 13. Nc3 Nd4 14. a3 b6 15. Rb1 Rfe8 16. Re1 Bf5 17. Qa4 Bd7 18. Qd1 Qd6 19. Nd5 a4 20. Bxd4 exd4 21. Nxf6+ Qxf6 22. b4 axb3 23. Qxb3 Re5 24. a4 Rde8 25. Qa2 g5 26. Rb2 Bg4 27. Be4 Bf5 28. Bxf5 Rxf5 29. Rf1 Ra8 30. Rb5 h5 31. a5 h4 32. axb6 Rxa2 33. bxc7 Qe6 34. Rb8+ Kg7 35. c8Q Qxc8 36. Rxc8 Rxe2 37. f4 h3 38. fxg5 0-1

[Event "SRB-ch sf"]
[Site "Kragujevac"]
[Date "2019.03.10"]
[Round "4"]
[White "Cvetkovic, Srdjan"]
[Black "Cukanovic, Petar"]
[Result "1/2-1/2"]
[WhiteElo "2247"]
[BlackElo "2163"]
[PlyCount "79"]
[EventDate "2019.03.08"]
[EventType "swiss"]
[EventRounds "9"]
[EventCountry "SRB"]
[SourceTitle "CBM 189 Extra"]
[Source "ChessBase"]
[SourceDate "2019.05.31"]
[SourceVersion "1"]
[SourceVersionDate "2019.05.31"]
[SourceQuality "1"]

1. c4 Nf6 2. Nc3 e6 3. d4 d5 4. Bg5 Be7 5. cxd5 exd5 6. e3 0-0 7. Bd3 c6 8. Nf3 h6 9. Bh4 Re8 10. Qc2 a5 11. 0-0 Nbd7 12. a3 Nf8 13. Rab1 Ne6 14. Ne5 c5 15. dxc5 Nxc5 16. Bb5 Rf8 17. Rfd1 Be6 18. Bxf6 Bxf6 19. Nxd5 Rc8 20. Nc3 Bb3 21. Rxd8 Bxc2 22. Rxf8+ Kxf8 23. Rc1 Bxe5 24. Rxc2 Ne4 25. g3 Nxc3 26. a4 Ke7 27. bxc3 Rxc3 28. Rd2 Rc7 29. Kg2 Bd6 30. h4 b6 31. h5 Rc3 32. g4 Rc1 33. Be2 Rc5 34. Rd4 Rg5 35. Bc4 f6 36. Bb5 Rc5 37. f4 Rc7 38. Kf3 Bc5 39. Re4+ Kd6 40. Re8 1/2-1/2

[Event "SRB-ch sf"]
[Site "Kragujevac"]
[Date "2019.03.09"]
[Round "2"]
[White "Cvetkovic, Srdjan"]
[Black "Zlatanovic, Boroljub"]
[Result "1/2-1/2"]
[WhiteElo "2247"]
[BlackElo "2376"]
[PlyCount "102"]
[EventDate "2019.03.08"]
[EventType "swiss"]
[EventRounds "9"]
[EventCountry "SRB"]
[SourceTitle "CBM 189 Extra"]
[Source "ChessBase"]
[SourceDate "2019.05.31"]
[SourceVersion "1"]
[SourceVersionDate "2019.05.31"]
[SourceQuality "1"]

1. c4 g6 2. g3 Bg7 3. Bg2 d6 4. Nc3 Nc6 5. d3 e5 6. e4 f5 7. Nge2 Nf6 8. 0-0 0-0 9. f3 f4 10. gxf4 Nh5 11. fxe5 dxe5 12. Nd5 Nd4 13. Nxd4 exd4 14. f4 c6 15. Nb4 Qd6 16. Qb3 Qc5 17. Nc2 Bh6 18. f5 Bxc1 19. Raxc1 gxf5 20. Qb4 Qxb4 21. Nxb4 Be6 22. Nc2 Rad8 23. Bh3 Ng7 24. exf5 Bxf5 25. Bxf5 Nxf5 26. Rce1 Kg7 27. Re4 Rd6 28. Ref4 Rdf6 29. c5 Ne3 30. Rxf6 Rxf6 31. Nxe3 dxe3 32. Re1 Rf2 33. Rxe3 Rxb2 34. Re7+ Kg6 35. a4 h5 36. a5 a6 37. d4 Kf5 38. Re5+ Kg4 39. d5 cxd5 40. Rxd5 Rb5 41. Kg2 Rxa5 42. h3+ Kf4 43. Rxh5 b5 44. Kf2 Ra2+ 45. Ke1 Ke3 46. Kd1 Kd3 47. Rd5+ Kc4 48. c6 Kxd5 49. c7 Ra1+ 50. Kd2 Ra2+ 51. Kd1 Ra1+ 1/2-1/2

[Event "SRB-ch sf"]
[Site "Kragujevac"]
[Date "2019.03.09"]
[Round "3"]
[White "Radovanovic, Nikola"]
[Black "Cvetkovic, Srdjan"]
[Result "1-0"]
[WhiteElo "2426"]
[BlackElo "2247"]
[PlyCount "69"]
[EventDate "2019.03.08"]
[EventType "swiss"]
[EventRounds "9"]
[EventCountry "SRB"]
[SourceTitle "CBM 189 Extra"]
[Source "ChessBase"]
[SourceDate "2019.05.31"]
[SourceVersion "1"]
[SourceVersionDate "2019.05.31"]
[SourceQuality "1"]

1. e4 c5 2. Nf3 e6 3. d4 cxd4 4. Nxd4 Nc6 5. Nc3 a6 6. Be3 Nf6 7. Qf3 e5 8. Nb3 d6 9. h3 Be6 10. 0-0-0 Qc7 11. g4 h6 12. Kb1 Be7 13. Nd5 Bxd5 14. exd5 Na5 15. h4 Nc4 16. Bc1 Rc8 17. Bd3 e4 18. Bxe4 Ne5 19. Qg2 g6 20. g5 hxg5 21. hxg5 Rxh1 22. Qxh1 Nxe4 23. Qxe4 Qc4 24. Rd4 Qf1 25. f4 Nd7 26. Rd3 Nc5 27. Nxc5 Rxc5 28. Re3 Rc7 29. b3 Kd8 30. Re1 Qh3 31. Be3 Kc8 32. Bb6 Rd7 33. Rh1 Qc3 34. Qc4+ Qxc4 35. bxc4 1-0

[Event "Belgrade ChessAmateur op 5th"]
[Site "Belgrade"]
[Date "2019.01.09"]
[Round "8"]
[White "Cvetkovic, Srdjan"]
[Black "Ljubisavljevic, Zivojin Z"]
[Result "1-0"]
[WhiteElo "2259"]
[BlackElo "2089"]
[PlyCount "45"]
[EventDate "2019.01.04"]
[EventType "swiss"]
[EventRounds "9"]
[EventCountry "SRB"]
[SourceTitle "CBM 188 Extra"]
[Source "ChessBase"]
[SourceDate "2019.02.28"]
[SourceVersion "1"]
[SourceVersionDate "2019.02.28"]
[SourceQuality "1"]

1. c4 e5 2. Nc3 f5 3. g3 Nf6 4. Bg2 Bb4 5. Qb3 Bxc3 6. Qxc3 d6 7. e3 0-0 8. Ne2 Nc6 9. d4 Qe8 10. dxe5 dxe5 11. 0-0 e4 12. b3 Ne5 13. Bb2 Nf3+ 14. Kh1 Nxh2 15. Kxh2 Qh5+ 16. Kg1 Qxe2 17. f3 Qd3 18. Qxd3 exd3 19. Rad1 b5 20. cxb5 a6 21. Bxf6 Rxf6 22. Rxd3 axb5 23. Rd2 1-0

[Event "Belgrade ChessAmateur op 5th"]
[Site "Belgrade"]
[Date "2019.01.08"]
[Round "7"]
[White "Sotirov, Nikolaj"]
[Black "Cvetkovic, Srdjan"]
[Result "1-0"]
[WhiteElo "1975"]
[BlackElo "2259"]
[PlyCount "35"]
[EventDate "2019.01.04"]
[EventType "swiss"]
[EventRounds "9"]
[EventCountry "SRB"]
[SourceTitle "CBM 188 Extra"]
[Source "ChessBase"]
[SourceDate "2019.02.28"]
[SourceVersion "1"]
[SourceVersionDate "2019.02.28"]
[SourceQuality "1"]

1. e4 c5 2. c3 Nf6 3. e5 Nd5 4. d4 cxd4 5. cxd4 d6 6. Nf3 Nc6 7. Bc4 e6 8. 0-0 Be7 9. a3 Bd7 10. Qe2 Nb6 11. exd6 Bxd6 12. d5 Ne7 13. dxe6 fxe6 14. Bxe6 Bxe6 15. Qxe6 Qd7 16. Qxd7+ Kxd7 17. Nc3 Raf8 18. Rd1 1-0

[Event "Belgrade ChessAmateur op 5th"]
[Site "Belgrade"]
[Date "2019.01.04"]
[Round "1"]
[White "Cvetkovic, Srdjan"]
[Black "Evans, Bill"]
[Result "1-0"]
[WhiteElo "2259"]
[BlackElo "1948"]
[PlyCount "65"]
[EventDate "2019.01.04"]
[EventType "swiss"]
[EventRounds "9"]
[EventCountry "SRB"]
[SourceTitle "CBM 188 Extra"]
[Source "ChessBase"]
[SourceDate "2019.02.28"]
[SourceVersion "1"]
[SourceVersionDate "2019.02.28"]
[SourceQuality "1"]

1. c4 g6 2. g3 Bg7 3. Bg2 d6 4. Nc3 Nf6 5. d4 0-0 6. e3 e5 7. Nge2 Nc6 8. 0-0 Re8 9. dxe5 Nxe5 10. b3 Rb8 11. Bb2 h5 12. h3 Bd7 13. f4 Nc6 14. Qd2 Qc8 15. Nd5 Nxd5 16. cxd5 Ne7 17. Bxg7 Kxg7 18. Kh2 Bb5 19. Rae1 Bxe2 20. Rxe2 h4 21. g4 f6 22. e4 Ng8 23. Qd4 Qd7 24. g5 Qb5 25. Rc2 Qb6 26. Qxb6 cxb6 27. Rc7+ Re7 28. gxf6+ Kxf6 29. e5+ Kf5 30. exd6 Re2 31. Kg1 Rd8 32. Rf7+ Nf6 33. Bf3 1-0

[Event "Belgrade-chT Quality"]
[Site "Belgrade"]
[Date "2018.09.28"]
[Round "11.1"]
[White "Andrejic, Vladica"]
[Black "Cvetkovic, Srdjan"]
[Result "1/2-1/2"]
[WhiteElo "2246"]
[BlackElo "2249"]
[PlyCount "21"]
[EventDate "2018.09.17"]
[EventType "team-tourn"]
[EventRounds "11"]
[EventCountry "SRB"]
[SourceTitle "CBM 186 Extra"]
[Source "ChessBase"]
[SourceDate "2018.08.24"]
[SourceVersion "1"]
[SourceVersionDate "2018.08.24"]
[SourceQuality "1"]
[WhiteTeam "Belgrade Vodovod"]
[BlackTeam "Belgrade Radnicki"]
[WhiteTeamCountry "SRB"]
[BlackTeamCountry "SRB"]

1. e4 c5 2. Nf3 e6 3. d4 cxd4 4. Nxd4 Nc6 5. Nc3 a6 6. Nxc6 bxc6 7. Bd3 d5 8. 0-0 Nf6 9. Re1 Be7 10. e5 Nd7 11. Qg4 1/2-1/2

[Event "Belgrade-chT Quality"]
[Site "Belgrade"]
[Date "2018.09.19"]
[Round "3.1"]
[White "Cvetkovic, Srdjan"]
[Black "Jocev, Milan"]
[Result "0-1"]
[WhiteElo "2249"]
[BlackElo "2295"]
[PlyCount "122"]
[EventDate "2018.09.17"]
[EventType "team-tourn"]
[EventRounds "11"]
[EventCountry "SRB"]
[SourceTitle "CBM 186 Extra"]
[Source "ChessBase"]
[SourceDate "2018.08.24"]
[SourceVersion "1"]
[SourceVersionDate "2018.08.24"]
[SourceQuality "1"]
[WhiteTeam "Belgrade Radnicki"]
[BlackTeam "Mirijevo"]
[WhiteTeamCountry "SRB"]
[BlackTeamCountry "SRB"]

1. c4 Nf6 2. Nc3 g6 3. g3 Bg7 4. Bg2 0-0 5. e4 d6 6. Nge2 e5 7. d3 Nc6 8. 0-0 Nh5 9. Nd5 f5 10. exf5 Bxf5 11. Be3 Qd7 12. Qd2 Nd4 13. Nxd4 exd4 14. Bg5 Rf7 15. Rae1 Bf8 16. Bf3 c6 17. Bxh5 cxd5 18. Bf3 Be6 19. Rxe6 Rxf3 20. Rfe1 Rc8 21. Bh6 Qf7 22. cxd5 Bxh6 23. Qxh6 Rxf2 24. Qh3 Rf5 25. Qg4 Rf8 26. Qh3 Rxd5 27. Re7 Qf2+ 28. Kh1 Qf3+ 29. Kg1 Rh5 30. Qg2 Re5 31. R1xe5 dxe5 32. Qxf3 Rxf3 33. Rxe5 Rxd3 34. Kf1 Rd2 35. Re2 Rd1+ 36. Kf2 d3 37. Re8+ Kf7 38. Rd8 Rb1 39. b3 Rb2+ 40. Ke3 Rxa2 41. Rd7+ Ke6 42. Rxh7 d2 43. Ke2 b6 44. Kd1 Kf5 45. Rg7 b5 46. b4 a6 47. Rd7 Ke4 48. h4 Ke3 49. Re7+ Kd3 50. Rd7+ Kc3 51. Rc7+ Kxb4 52. Rc6 a5 53. Rxg6 a4 54. h5 Ra1+ 55. Kxd2 Rh1 56. h6 a3 57. Ra6 Kb3 58. g4 a2 59. g5 Rh5 60. Ra5 b4 61. Ke3 Rxg5 0-1

[Event "Arad op 11th"]
[Site "Arad"]
[Date "2018.08.11"]
[Round "8"]
[White "Cvetkovic, Srdjan"]
[Black "Bai, Adelard"]
[Result "1/2-1/2"]
[WhiteElo "2252"]
[BlackElo "2071"]
[PlyCount "39"]
[EventDate "2018.08.05"]
[EventType "swiss"]
[EventRounds "9"]
[EventCountry "ROU"]
[SourceTitle "CBM 185 Extra"]
[Source "ChessBase"]
[SourceDate "2018.07.29"]
[SourceVersion "1"]
[SourceVersionDate "2018.07.29"]
[SourceQuality "1"]

1. c4 g6 2. g3 Bg7 3. Bg2 e5 4. Nc3 d6 5. d3 f5 6. e3 Nf6 7. Nge2 0-0 8. Bd2 c6 9. b3 Be6 10. d4 e4 11. Nf4 Bf7 12. h4 h6 13. Qc2 a6 14. Rc1 Nbd7 15. Bh3 g5 16. hxg5 hxg5 17. Bxf5 gxf4 18. Nxe4 Re8 19. Nxd6 fxg3 20. fxg3 1/2-1/2

[Event "Paracin Summer op-A 11th"]
[Site "Paracin"]
[Date "2018.07.11"]
[Round "7"]
[White "Bojicic, Andjela"]
[Black "Cvetkovic, Srdjan"]
[Result "1/2-1/2"]
[WhiteElo "2028"]
[BlackElo "2262"]
[PlyCount "45"]
[EventDate "2018.07.06"]
[EventType "swiss"]
[EventRounds "9"]
[EventCountry "SRB"]
[SourceTitle "EXT 2019"]
[Source "ChessBase"]
[SourceDate "2018.10.10"]
[SourceVersion "1"]
[SourceVersionDate "2018.10.10"]
[SourceQuality "1"]

1. d4 Nf6 2. c4 e6 3. Nc3 Bb4 4. Nf3 c5 5. g3 Ne4 6. Bd2 Nxd2 7. Qxd2 cxd4 8. Qxd4 Qf6 9. Rc1 Nc6 10. Qxf6 gxf6 11. Bg2 b6 12. 0-0 Bxc3 13. Rxc3 Bb7 14. Rd1 Rc8 15. Nd4 Nxd4 16. Rxd4 Bxg2 17. Kxg2 Ke7 18. Kf3 Rc7 19. Rcd3 f5 20. Rd2 Rd8 21. b3 d6 22. Rh4 Rh8 23. Rhd4 1/2-1/2

[Event "Paracin Summer op-A 11th"]
[Site "Paracin"]
[Date "2018.07.06"]
[Round "1"]
[White "Alivodic, Dario"]
[Black "Cvetkovic, Srdjan"]
[Result "0-1"]
[WhiteElo "1930"]
[BlackElo "2262"]
[PlyCount "66"]
[EventDate "2018.07.06"]
[EventType "swiss"]
[EventRounds "9"]
[EventCountry "SRB"]
[SourceTitle "CBM 185 Extra"]
[Source "ChessBase"]
[SourceDate "2018.07.29"]
[SourceVersion "1"]
[SourceVersionDate "2018.07.29"]
[SourceQuality "1"]

1. d4 Nf6 2. c4 e6 3. Nf3 d5 4. Nc3 Nbd7 5. Bg5 c6 6. Qc2 h6 7. Bh4 a6 8. e3 b5 9. cxb5 cxb5 10. Bd3 Bb7 11. 0-0 Rc8 12. Qe2 Be7 13. Rac1 0-0 14. Bb1 b4 15. Na4 Qa5 16. b3 Bc6 17. Ne5 Bb5 18. Bd3 Bd6 19. Nxd7 Nxd7 20. e4 dxe4 21. Qxe4 Bxd3 22. Qxd3 Nb6 23. Nxb6 Qxb6 24. d5 Bf4 25. Rc4 Qd6 26. Bg3 Bxg3 27. hxg3 exd5 28. Rd4 Rc3 29. Qd2 Rfc8 30. Rxd5 Qe7 31. Re1 Qf6 32. Qd4 Rc1 33. Qxb4 Qa1 0-1

[Event "Veliko Gradiste Silver Lake op-A"]
[Site "Veliko Gradiste"]
[Date "2018.06.18"]
[Round "3"]
[White "Cvetkovic, Srdjan"]
[Black "Ashid, Tsetsegulzii"]
[Result "1/2-1/2"]
[WhiteElo "2250"]
[BlackElo "2013"]
[PlyCount "75"]
[EventDate "2018.06.17"]
[EventType "swiss"]
[EventRounds "9"]
[EventCountry "SRB"]
[SourceTitle "CBM 185 Extra"]
[Source "ChessBase"]
[SourceDate "2018.07.29"]
[SourceVersion "1"]
[SourceVersionDate "2018.07.29"]
[SourceQuality "1"]

1. c4 e6 2. Nf3 d5 3. b3 c6 4. e3 Nf6 5. Be2 Be7 6. 0-0 Nbd7 7. Bb2 0-0 8. d4 b6 9. Nbd2 Bb7 10. cxd5 cxd5 11. Rc1 Rc8 12. Ne5 Rxc1 13. Qxc1 Qc8 14. Bd3 Bd6 15. Qb1 h6 16. Rc1 Qb8 17. f4 Rc8 18. Rf1 Nf8 19. h3 N6d7 20. Qd1 f6 21. Nxd7 Nxd7 22. Qh5 Nf8 23. Qe2 Qc7 24. Nf3 Qe7 25. g4 Nd7 26. h4 e5 27. fxe5 fxe5 28. Bf5 e4 29. Ne5 Bxe5 30. dxe5 Rf8 31. Qh2 Nc5 32. Bd4 Bc8 33. Qg3 Nd3 34. h5 Be6 35. Kg2 Qd7 36. Qh3 Rc8 37. g5 Bxf5 38. Qxf5 1/2-1/2

[Event "Veliko Gradiste Silver Lake op-A"]
[Site "Veliko Gradiste"]
[Date "2018.06.18"]
[Round "2"]
[White "Lajthajm, Borko"]
[Black "Cvetkovic, Srdjan"]
[Result "1-0"]
[WhiteElo "2432"]
[BlackElo "2250"]
[PlyCount "46"]
[EventDate "2018.06.17"]
[EventType "swiss"]
[EventRounds "9"]
[EventCountry "SRB"]
[SourceTitle "CBM 185 Extra"]
[Source "ChessBase"]
[SourceDate "2018.07.29"]
[SourceVersion "1"]
[SourceVersionDate "2018.07.29"]
[SourceQuality "1"]

1. e4 c5 2. c3 d5 3. exd5 Qxd5 4. Na3 Nc6 5. Nf3 Bg4 6. Be2 Nf6 7. Qa4 e6 8. Nc4 Rc8 9. Ne3 Qh5 10. h3 Bxf3 11. Bxf3 Qe5 12. Bxc6+ bxc6 13. Qxa7 Bd6 14. Qa6 0-0 15. Qe2 Bc7 16. Nc4 Qf5 17. Qf3 Qg6 18. h4 h5 19. b3 Rfd8 20. Ba3 Ne4 21. 0-0-0 Rd5 22. Rhe1 f5 23. Bb2 Qf7 1-0

[Event "Belgrade-chT"]
[Site "Belgrade"]
[Date "2018.05.11"]
[Round "5"]
[White "Andrijevic, Milan"]
[Black "Cvetkovic, Srdjan"]
[Result "1/2-1/2"]
[WhiteElo "2280"]
[BlackElo "2242"]
[PlyCount "20"]
[EventDate "2018.05.07"]
[EventType "team-swiss"]
[EventRounds "5"]
[EventCountry "SRB"]
[SourceTitle "CBM 184 Extra"]
[Source "ChessBase"]
[SourceDate "2018.06.28"]
[SourceVersion "1"]
[SourceVersionDate "2018.06.28"]
[SourceQuality "1"]
[WhiteTeam "Belgrade Romanticari"]
[BlackTeam "Belgrade Radnicki"]
[WhiteTeamCountry "SRB"]
[BlackTeamCountry "SRB"]

1. e4 c5 2. Nf3 e6 3. d4 cxd4 4. Nxd4 Nc6 5. Nc3 a6 6. Be2 Qc7 7. 0-0 Nf6 8. Be3 Bb4 9. Na4 Be7 10. Nxc6 bxc6 1/2-1/2

[Event "Belgrade-chT"]
[Site "Belgrade"]
[Date "2018.05.08"]
[Round "2"]
[White "Cvetkovic, Srdjan"]
[Black "Subotic, Nenad"]
[Result "1-0"]
[WhiteElo "2242"]
[BlackElo "1744"]
[PlyCount "47"]
[EventDate "2018.05.07"]
[EventType "team-swiss"]
[EventRounds "5"]
[EventCountry "SRB"]
[SourceTitle "CBM 184 Extra"]
[Source "ChessBase"]
[SourceDate "2018.06.28"]
[SourceVersion "1"]
[SourceVersionDate "2018.06.28"]
[SourceQuality "1"]
[WhiteTeam "Belgrade Radnicki"]
[BlackTeam "Belgrade Pogledi"]
[WhiteTeamCountry "SRB"]
[BlackTeamCountry "SRB"]

1. c4 c5 2. Nf3 Nf6 3. Nc3 e6 4. g3 Nc6 5. Bg2 d6 6. 0-0 Be7 7. d4 cxd4 8. Nxd4 Bd7 9. Ndb5 Qb8 10. Bg5 a6 11. Bxf6 gxf6 12. Nd4 Qc7 13. Rc1 Qb6 14. Nb3 0-0-0 15. Nd5 exd5 16. cxd5 Kb8 17. dxc6 bxc6 18. Rc3 Ka7 19. Qc2 c5 20. Nd4 cxd4 21. Rc7+ Kb8 22. Rb7+ Qxb7 23. Bxb7 Kxb7 24. Qe4+ 1-0

[Event "SRB-ch sf"]
[Site "Zrenjanin"]
[Date "2018.02.18"]
[Round "4"]
[White "Cvetkovic, Srdjan"]
[Black "Ivic, Velimir"]
[Result "1/2-1/2"]
[WhiteElo "2250"]
[BlackElo "2415"]
[PlyCount "58"]
[EventDate "2018.02.16"]
[EventType "swiss"]
[EventRounds "9"]
[EventCountry "SRB"]
[SourceTitle "CBM 183 Extra"]
[Source "ChessBase"]
[SourceDate "2018.04.19"]
[SourceVersion "1"]
[SourceVersionDate "2018.04.19"]
[SourceQuality "1"]

1. c4 e5 2. Nc3 Nf6 3. g3 d5 4. cxd5 Nxd5 5. Bg2 Nb6 6. Nf3 Nc6 7. b3 Be7 8. Bb2 0-0 9. 0-0 Re8 10. Rc1 Bf8 11. d3 Nd4 12. e3 Nxf3+ 13. Qxf3 Qxd3 14. Ne4 Qd8 15. g4 c6 16. g5 Nd5 17. Rfd1 Qe7 18. h4 f5 19. gxf6 Nxf6 20. Nd6 Bg4 21. Qg3 Bxd1 22. Nxe8 Nh5 23. Qg5 Qd7 24. Nc7 Rc8 25. Ne6 Be7 26. Qxe5 Bf6 27. Nc5 Qg4 28. Qe6+ Qxe6 29. Nxe6 Bf3 1/2-1/2

[Event "Belgrade Trophy 31st"]
[Site "Belgrade"]
[Date "2017.11.24"]
[Round "1"]
[White "Cvetkovic, Srdjan"]
[Black "Buzganovic, Jovan"]
[Result "1-0"]
[WhiteElo "2256"]
[BlackElo "1763"]
[PlyCount "21"]
[EventDate "2017.11.24"]
[EventType "swiss"]
[EventRounds "9"]
[EventCountry "SRB"]
[SourceTitle "CBM 181 Extra"]
[Source "ChessBase"]
[SourceDate "2017.12.12"]
[SourceVersion "1"]
[SourceVersionDate "2017.12.12"]
[SourceQuality "1"]

1. c4 d5 2. cxd5 Qxd5 3. Nc3 Qd8 4. Nf3 Nf6 5. d4 Bf5 6. Qb3 Qc8 7. Bf4 e6 8. Rc1 Na6 9. e4 Bxe4 10. Nxe4 Nxe4 11. Bxa6 1-0